| 000 | 00550nam a2200241 4500 | ||
|---|---|---|---|
| 001 | 1772312 | ||
| 005 | 20180221033104.0 | ||
| 008 | 700828s1970 enkae b 001 0 eng | ||
| 010 | _a 76490009 | ||
| 015 | _aB70-11200 | ||
| 020 | _a0303178884 | ||
| 040 |
_aDLC _cDLC _dDLC |
||
| 041 | _aeng | ||
| 080 | _a641.1 | ||
| 082 | 0 | 0 | _a641.1 PYK |
| 100 | 1 | _a10 | |
| 101 | _aSHU | ||
| 245 | 1 | 0 | _aMan and food. |
| 350 | _a35/- | ||
| 504 | _aBibliography: p. 248-251. | ||
| 906 |
_a7 _bcbc _corignew _d3 _encip _f19 _gy-gencatlg |
||
| 942 |
_2ddc _cBK |
||
| 999 |
_c42973 _d42973 |
||